| 000 | 00700nam a2200229 a 4500 | ||
|---|---|---|---|
| 003 | MX-MxUPN | ||
| 005 | 20240611100624.0 | ||
| 008 | 991125s1929 mx a r 000 0 spa d | ||
| 035 | _aUPN01000005964 | ||
| 040 |
_aMX-MxUPN _bspa _cMX-MxUPN |
||
| 041 | 0 | _aspa | |
| 050 | 4 |
_aQK47 _bB67 |
|
| 245 | 0 | 0 | _aBotánica experimental |
| 246 | 1 | 4 | _aElementos de botánica experimental |
| 260 |
_aParís : _bLibrería de la Vda. de Ch. Bouret, _c1929. |
||
| 300 |
_a275 páginas : _bilustraciones |
||
| 490 | 0 | _aColección G. M. Bruño | |
| 500 | _a"Estudios biológicos elementales" | ||
| 650 | 4 |
_aBotánica _xEstudio y enseñanza _9835 |
|
| 650 | 4 |
_aBotánica _vLibros de texto _944380 |
|
| 942 |
_2lcc _cLIBRO |
||
| 999 |
_c5964 _d5964 |
||